Communicating (Record no. 4922)

000 -LEADER
fixed length control field 00465 a2200157 4500
020 ## - INTERNATIONAL STANDARD BOOK NUMBER
International Standard Book Number 0131531069 :
040 ## - CATALOGING SOURCE
Original cataloging agency DLC
Language of cataloging DLC
082 00 - DEWEY DECIMAL CLASSIFICATION NUMBER
Classification number 001.5
245 00 - TITLE STATEMENT
Title Communicating
Statement of responsibility, etc. Anita Taylor ... [et al.].
260 ## - PUBLICATION, DISTRIBUTION, ETC.
Place of publication, distribution, etc. Englewood Cliffs, N.J. :
Name of publisher, distributor, etc. Prentice-Hall,
Date of publication, distribution, etc. c1977.
300 ## - PHYSICAL DESCRIPTION
Extent xi, 466 p. :
Other physical details ill. ;
Dimensions 24 cm.
490 0# - SERIES STATEMENT
Series statement The Prentice-Hall series in speech communication
650 #0 - SUBJECT ADDED ENTRY--TOPICAL TERM
Topical term or geographic name entry element Communication.
700 1# - ADDED ENTRY--PERSONAL NAME
Personal name Taylor, Anita,
Dates associated with a name 1935-
942 ## - ADDED ENTRY ELEMENTS (KOHA)
Koha item type Book
Call number prefix 001.5 TAY
Source of classification or shelving scheme
Holdings
Withdrawn status Lost status Source of classification or shelving scheme Damaged status Not for loan Collection code Permanent Location Current Location Shelving location Date acquired Source of acquisition Cost, normal purchase price Total Checkouts Full call number Barcode Date last seen Price effective from Koha item type
          Computer Science Central Library (CL) Central Library (CL) First Floor - Computer Science 01/24/2007 Saeed Book Bank 776.30   302.22 TAY SEECS008054 11/14/2012 01/05/2017 Book
© 2023 Central Library, National University of Sciences and Technology. All Rights Reserved.